[Event "XIX. DBMM Schach"]
[Site "Billerbeck"]
[Date "2019.09.06"]
[Round "3.3"]
[White "Eckert, Roland"]
[Black "Guth, Thomas"]
[Result "1/2-1/2"]
[WhiteElo "2006"]
[BlackElo "2277"]
[Annotator "dgt"]
[PlyCount "88"]
[EventDate "2019.09.??"]
[EventType "team-swiss"]
[EventRounds "7"]
[EventCountry "GER"]
[SourceTitle "XIX. DBMM 2019"]
[Source "FV Schach e.V."]
[SourceDate "2019.09.09"]
[SourceVersion "4"]
[SourceVersionDate "2019.10.16"]
[SourceQuality "1"]
[WhiteTeam "Software AG Darmstadt"]
[BlackTeam "AGI Frankfurt"]
[WhiteTeamCountry "GER"]
[BlackTeamCountry "GER"]

1. e4 e6 2. d4 d5 3. exd5 exd5 4. Bd3 Nc6 5. c3 Bd6 6. Qf3 Be6 7. Ne2 Nge7 8.
Bf4 Ng6 9. Bxd6 Qxd6 10. Qg3 Qxg3 11. hxg3 Nce7 12. Nd2 Bf5 13. Bxf5 Nxf5 14.
Rh5 Nfe7 15. O-O-O O-O-O 16. Rdh1 h6 17. g4 Rhe8 18. Kd1 Ng8 19. g5 hxg5 20.
Rxg5 N8e7 21. Rh7 Nf8 22. Rh8 Neg6 23. Rg8 Nh7 24. Rxe8 Nxg5 25. Rxd8+ Kxd8 26.
f4 Nh7 27. Nf3 f6 28. Kd2 Ke8 29. Ke3 Ne7 30. g4 Nc8 31. Ng3 Nd6 32. b3 Nf8 33.
f5 Kf7 34. Kd3 b5 35. Ke3 Nh7 36. Kd3 Nf8 37. Nd2 Nd7 38. c4 c6 39. c5 Nc8 40.
b4 Ne7 41. Ke3 Ng8 42. Kf4 Nf8 43. Nb3 g5+ 44. Kf3 Ne7 1/2-1/2

[Event "XIX. DBMM Schach"]
[Site "Billerbeck"]
[Date "2019.09.06"]
[Round "3.4"]
[White "Buescher, Henrik"]
[Black "Mohr, Thomas"]
[Result "1/2-1/2"]
[WhiteElo "2112"]
[BlackElo "1904"]
[Annotator "dgt"]
[PlyCount "53"]
[EventDate "2019.09.??"]
[EventType "team-swiss"]
[EventRounds "7"]
[EventCountry "GER"]
[SourceTitle "XIX. DBMM 2019"]
[Source "FV Schach e.V."]
[SourceDate "2019.09.09"]
[SourceVersion "4"]
[SourceVersionDate "2019.10.16"]
[SourceQuality "1"]
[WhiteTeam "AGI Frankfurt"]
[BlackTeam "Software AG Darmstadt"]
[WhiteTeamCountry "GER"]
[BlackTeamCountry "GER"]

1. d4 f5 2. Qd3 e6 3. g4 d5 4. Nf3 Nc6 5. gxf5 exf5 6. c3 Nf6 7. Bg5 Be7 8.
Bxf6 Bxf6 9. Nbd2 Qd6 10. h4 Bd7 11. Nb3 O-O-O 12. Nc5 Ne7 13. Bh3 g6 14. e3
Kb8 15. O-O-O Bc8 16. Bg2 c6 17. Nd2 b6 18. Ncb3 Qc7 19. f4 Be6 20. Nf3 Nc8 21.
Ne5 Nd6 22. Nd2 Ne4 23. Nxe4 dxe4 24. Qa6 Rd5 25. Qe2 Rdd8 26. Qa6 Rd5 27. Qe2
1/2-1/2

[Event "XIX. DBMM Schach"]
[Site "Billerbeck"]
[Date "2019.09.06"]
[Round "3.1"]
[White "Seger, Ruediger"]
[Black "Hoffmann, Hendrik"]
[Result "1/2-1/2"]
[WhiteElo "2332"]
[BlackElo "2274"]
[Annotator "br"]
[PlyCount "109"]
[EventDate "2019.09.??"]
[EventType "team-swiss"]
[EventRounds "7"]
[EventCountry "GER"]
[SourceTitle "XIX. DBMM 2019"]
[Source "FV Schach e.V."]
[SourceDate "2019.09.09"]
[SourceVersion "4"]
[SourceVersionDate "2019.10.16"]
[SourceQuality "1"]
[WhiteTeam "Deutsche Post Bonn"]
[BlackTeam "le-tex Publishing Services Leipzig"]
[WhiteTeamCountry "GER"]
[BlackTeamCountry "GER"]

1. e4 d6 2. d4 Nf6 3. Nc3 g6 4. Nf3 Bg7 5. h3 O-O 6. Be3 c6 7. a4 Nbd7 8. a5 e5
9. dxe5 dxe5 10. Bc4 Qe7 11. O-O Nc5 12. Nd2 Ne6 13. Ne2 Rd8 14. Qc1 Nh5 15.
Nf3 Nhf4 16. c3 Nxe2+ 17. Bxe2 Nc5 18. Qc2 h6 19. Rfd1 Rxd1+ 20. Rxd1 Be6 21.
b4 Nd7 22. Qd2 Kh7 23. Bc4 Bxc4 24. Qxd7 Qxd7 25. Rxd7 b6 26. Nd2 Be6 27. Rc7
c5 28. axb6 axb6 29. bxc5 bxc5 30. Rxc5 Ra1+ 31. Kh2 Rc1 32. Nf3 Rc2 33. Ne1
Ra2 34. Nd3 Ra4 35. Rc7 Ra3 36. Nc5 Ba2 37. Nd7 Bb1 38. f3 Ra2 39. Nb6 Bd3 40.
Rd7 Be2 41. Rd2 Rxd2 42. Bxd2 f5 43. exf5 gxf5 44. Kg1 Kg6 45. Kf2 Ba6 46. Be3
f4 47. Bc5 Bf6 48. Ke1 Kf5 49. Nd7 Bh4+ 50. Bf2 Be7 51. Nc5 Bxc5 52. Bxc5 h5
53. Kf2 e4 54. g3 fxg3+ 55. Kxg3 1/2-1/2

[Event "XIX. DBMM Schach"]
[Site "Billerbeck"]
[Date "2019.09.06"]
[Round "3.2"]
[White "Heinrich, Thomas"]
[Black "Stanetzek, Carsten"]
[Result "0-1"]
[WhiteElo "2172"]
[BlackElo "2157"]
[Annotator "br"]
[PlyCount "106"]
[EventDate "2019.09.??"]
[EventType "team-swiss"]
[EventRounds "7"]
[EventCountry "GER"]
[SourceTitle "XIX. DBMM 2019"]
[Source "FV Schach e.V."]
[SourceDate "2019.09.09"]
[SourceVersion "4"]
[SourceVersionDate "2019.10.16"]
[SourceQuality "1"]
[WhiteTeam "le-tex Publishing Services Leipzig"]
[BlackTeam "Deutsche Post Bonn"]
[WhiteTeamCountry "GER"]
[BlackTeamCountry "GER"]

1. Nf3 d5 2. c4 c6 3. cxd5 cxd5 4. d4 Nf6 5. Nc3 Nc6 6. Bf4 Bf5 7. e3 e6 8. Be2
Be7 9. O-O O-O 10. h3 a6 11. a3 Na5 12. Nd2 Rc8 13. Rc1 b5 14. a4 b4 15. Na2
Qb6 16. b3 Ne4 17. Nxe4 Bxe4 18. Bd3 Rxc1 19. Nxc1 Rc8 20. Bxe4 dxe4 21. f3 Qc6
22. Qe2 exf3 23. gxf3 Bd6 24. Bg5 h6 25. Bh4 Qc2 26. Qxc2 Rxc2 27. Bd8 Bh2+ 28.
Kh1 Bc7 29. Be7 Rc3 30. Na2 Rxe3 31. Nxb4 Nxb3 32. Nxa6 Bf4 33. Kg2 Nxd4 34.
Bc5 e5 35. Nb4 Ra3 36. a5 Rxa5 37. Nd3 Nf5 38. Bf2 Ne3+ 39. Bxe3 Bxe3 40. Re1
Bd4 41. Kg3 f6 42. h4 h5 43. Re2 Kf7 44. Nb4 Bc5 45. Nd3 Bd6 46. Kh3 Ra3 47.
Rd2 Ke6 48. Kg2 f5 49. Nf2 Be7 50. Rc2 Bxh4 51. Nd1 Rd3 52. Nb2 Rd4 53. Nc4 Bg5
0-1

[Event "XIX. DBMM Schach"]
[Site "Billerbeck"]
[Date "2019.09.06"]
[Round "3.3"]
[White "Gikas, Andreas Basilius"]
[Black "Rohne, Lars"]
[Result "0-1"]
[WhiteElo "2183"]
[BlackElo "2123"]
[Annotator "br"]
[PlyCount "94"]
[EventDate "2019.09.??"]
[EventType "team-swiss"]
[EventRounds "7"]
[EventCountry "GER"]
[SourceTitle "XIX. DBMM 2019"]
[Source "FV Schach e.V."]
[SourceDate "2019.09.09"]
[SourceVersion "4"]
[SourceVersionDate "2019.10.16"]
[SourceQuality "1"]
[WhiteTeam "Deutsche Post Bonn"]
[BlackTeam "le-tex Publishing Services Leipzig"]
[WhiteTeamCountry "GER"]
[BlackTeamCountry "GER"]

1. e4 g6 2. d4 Bg7 3. Nc3 d6 4. Bc4 e6 5. Nf3 a6 6. a4 b6 7. Qe2 h6 8. O-O Ne7
9. Be3 Bb7 10. Rad1 Nd7 11. Qd2 Kf8 12. Ne1 Kg8 13. f4 Nf6 14. Bd3 d5 15. e5
Ng4 16. Ne2 a5 17. c3 Ba6 18. Bc2 Qd7 19. h3 Nxe3 20. Qxe3 h5 21. g3 Nf5 22.
Bxf5 gxf5 23. b3 b5 24. Nd3 Bf8 25. g4 hxg4 26. hxg4 Be7 27. Kg2 Kf8 28. Rh1
Rg8 29. g5 bxa4 30. Rh7 axb3 31. Qh3 Bxd3 32. Rh8 Be4+ 33. Kf2 Bxg5 34. fxg5
Ke7 35. Qh6 Raf8 36. Qf6+ Ke8 37. Rxg8 Rxg8 38. Ng3 Qe7 39. Nxe4 dxe4 40. Ra1
Qxf6 41. gxf6 Kd7 42. Rxa5 Rb8 43. Ra1 b2 44. Rb1 c5 45. Ke3 Kc6 46. Kf4 cxd4
47. cxd4 Kd5 0-1

[Event "XIX. DBMM Schach"]
[Site "Billerbeck"]
[Date "2019.09.06"]
[Round "3.4"]
[White "Hartmann, Uwe"]
[Black "Biedekoepper, Robert"]
[Result "1-0"]
[WhiteElo "1964"]
[BlackElo "2048"]
[Annotator "br"]
[PlyCount "63"]
[EventDate "2019.09.??"]
[EventType "team-swiss"]
[EventRounds "7"]
[EventCountry "GER"]
[SourceTitle "XIX. DBMM 2019"]
[Source "FV Schach e.V."]
[SourceDate "2019.09.09"]
[SourceVersion "4"]
[SourceVersionDate "2019.10.16"]
[SourceQuality "1"]
[WhiteTeam "le-tex Publishing Services Leipzig"]
[BlackTeam "Deutsche Post Bonn"]
[WhiteTeamCountry "GER"]
[BlackTeamCountry "GER"]

1. e4 c5 2. Nf3 e6 3. d4 cxd4 4. Nxd4 Nf6 5. Nc3 Nc6 6. Ndb5 d6 7. Be2 a6 8.
Nd4 Qc7 9. O-O b5 10. a3 Bb7 11. Be3 Ne5 12. f3 Be7 13. Rc1 O-O 14. Qe1 d5 15.
f4 Neg4 16. Bxg4 Nxg4 17. e5 Bc5 18. h3 Nxe3 19. Qxe3 Qb6 20. Nce2 a5 21. c3 b4
22. axb4 axb4 23. Kh2 Ra2 24. f5 exf5 25. Rxf5 Bc8 26. Rg5 h6 27. Rg3 Kh8 28.
Qf3 Rxb2 29. Nf4 Rg8 30. e6 f5 31. Ng6+ Kh7 32. Qxf5 1-0

[Event "XIX. DBMM Schach"]
[Site "Billerbeck"]
[Date "2019.09.06"]
[Round "3.1"]
[White "Feikes, Joerg"]
[Black "Hohlfeld, Wolfgang"]
[Result "1/2-1/2"]
[WhiteElo "2063"]
[BlackElo "2067"]
[Annotator "jf"]
[PlyCount "48"]
[EventDate "2019.09.??"]
[EventType "team-swiss"]
[EventRounds "7"]
[EventCountry "GER"]
[SourceTitle "XIX. DBMM 2019"]
[Source "FV Schach e.V."]
[SourceDate "2019.09.09"]
[SourceVersion "4"]
[SourceVersionDate "2019.10.16"]
[SourceQuality "1"]
[WhiteTeam "BA Tempelhof Berlin"]
[BlackTeam "Baubehoerde Hamburg"]
[WhiteTeamCountry "GER"]
[BlackTeamCountry "GER"]

1. e4 c5 2. Nc3 e6 3. g3 d5 4. Bg2 Nf6 5. e5 Nfd7 6. f4 Be7 7. Nf3 Nc6 8. O-O
O-O 9. d4 cxd4 10. Ne2 Qb6 11. Nfxd4 Nxd4 12. Nxd4 Nb8 13. Kh1 Nc6 14. Nb3 Bd7
15. Re1 Rac8 16. Be3 Qc7 17. Rc1 Na5 18. Nxa5 Qxa5 19. c4 Qxa2 20. cxd5 Rxc1
21. Bxc1 exd5 22. Bxd5 Bc6 23. Bxc6 bxc6 24. Qf3 Qc4 1/2-1/2

[Event "XIX. DBMM Schach"]
[Site "Billerbeck"]
[Date "2019.09.06"]
[Round "3.2"]
[White "Hein, Ralf"]
[Black "Kettenburg, Stefan"]
[Result "0-1"]
[WhiteElo "2062"]
[BlackElo "2075"]
[Annotator "br"]
[PlyCount "86"]
[EventDate "2019.09.??"]
[EventType "team-swiss"]
[EventRounds "7"]
[EventCountry "GER"]
[SourceTitle "XIX. DBMM 2019"]
[Source "FV Schach e.V."]
[SourceDate "2019.09.09"]
[SourceVersion "4"]
[SourceVersionDate "2019.10.16"]
[SourceQuality "1"]
[WhiteTeam "Baubehoerde Hamburg"]
[BlackTeam "BA Tempelhof Berlin"]
[WhiteTeamCountry "GER"]
[BlackTeamCountry "GER"]

1. c4 c6 2. Nc3 d5 3. cxd5 cxd5 4. d4 Nc6 5. Nf3 Nf6 6. e3 e6 7. Bd3 Be7 8. O-O
O-O 9. a3 a6 10. Bd2 b5 11. b4 Bb7 12. Ne2 Nd7 13. Qb3 Nb6 14. Rac1 Nc4 15. Bc3
Bd6 16. Ng3 f5 17. Bxc4 dxc4 18. Qb2 Ne7 19. Ng5 Bd5 20. Qe2 h6 21. e4 fxe4 22.
N5xe4 Ng6 23. Bd2 Bf4 24. Be3 a5 25. Nc3 axb4 26. axb4 Qd7 27. Qg4 Kh7 28. Nh5
Bc7 29. f4 Rf7 30. Rf2 Ne7 31. Ng3 Raf8 32. Re1 Nf5 33. Nxf5 exf5 34. Qd1 Be4
35. d5 Bd3 36. Bc5 Bd6 37. Ra2 Rc8 38. Bxd6 Qxd6 39. Qh5 Re7 40. Ne4 Qb6+ 41.
Kh1 Bxe4 42. Rd1 Qg6 43. Qh4 Rd7 0-1

[Event "XIX. DBMM Schach"]
[Site "Billerbeck"]
[Date "2019.09.06"]
[Round "3.3"]
[White "Koerlin, Hans Juergen"]
[Black "Buchholz, Robert"]
[Result "0-1"]
[WhiteElo "1916"]
[BlackElo "1988"]
[Annotator "hjk"]
[PlyCount "63"]
[EventDate "2019.09.??"]
[EventType "team-swiss"]
[EventRounds "7"]
[EventCountry "GER"]
[SourceTitle "XIX. DBMM 2019"]
[Source "FV Schach e.V."]
[SourceDate "2019.09.09"]
[SourceVersion "4"]
[SourceVersionDate "2019.10.16"]
[SourceQuality "1"]
[WhiteTeam "BA Tempelhof Berlin"]
[BlackTeam "Baubehoerde Hamburg"]
[WhiteTeamCountry "GER"]
[BlackTeamCountry "GER"]

1. e4 d5 2. exd5 Nf6 3. Bb5+ Bd7 4. Bc4 Bc8 5. Nc3 Nbd7 6. Qf3 Nb6 7. Bb3 Bg4
8. Qg3 Qd7 9. h3 Bh5 10. d3 O-O-O 11. Bf4 Nfxd5 12. Nxd5 Nxd5 13. Bxd5 Qxd5 14.
Bxc7 Rd7 15. Bf4 e5 16. Be3 Bb4+ 17. Kf1 f5 18. Bxa7 f4 19. Qg5 Bg6 20. Nf3 Re8
21. Kg1 b5 22. Bb6 Qe6 23. a3 Bd6 24. Re1 h6 25. Qh4 Be7 26. Qxf4 Qxb6 27. Nxe5
Bc5 28. Kh2 Rdd8 29. Qg4+ Kb7 30. f4 Be7 31. Nd7 Qa6 32. Nc5+ 0-1

[Event "XIX. DBMM Schach"]
[Site "Billerbeck"]
[Date "2019.09.06"]
[Round "3.4"]
[White "Kaliski, Achim"]
[Black "Baranowsky, Peter"]
[Result "1/2-1/2"]
[WhiteElo "1969"]
[BlackElo "1804"]
[Annotator "pb"]
[PlyCount "56"]
[EventDate "2019.09.??"]
[EventType "team-swiss"]
[EventRounds "7"]
[EventCountry "GER"]
[SourceTitle "XIX. DBMM 2019"]
[Source "FV Schach e.V."]
[SourceDate "2019.09.09"]
[SourceVersion "4"]
[SourceVersionDate "2019.10.16"]
[SourceQuality "1"]
[WhiteTeam "Baubehoerde Hamburg"]
[BlackTeam "BA Tempelhof Berlin"]
[WhiteTeamCountry "GER"]
[BlackTeamCountry "GER"]

1. e4 c5 2. Nc3 e6 3. g3 Nc6 4. Bg2 Nf6 5. f4 d5 6. e5 Ng8 7. Nf3 a6 8. O-O Nh6
9. d3 b5 10. a3 Qb6 11. Kh1 Be7 12. Ne2 d4 13. Nd2 Bb7 14. Ne4 O-O 15. Ng1 f6
16. exf6 Bxf6 17. Nxf6+ Rxf6 18. Nf3 Raf8 19. Qe2 Ne7 20. Ne5 Bxg2+ 21. Kxg2
Qb7+ 22. Qe4 Nd5 23. Kg1 Qc7 24. Re1 Nf5 25. Ng4 Rg6 26. Ne5 Rgf6 27. Ng4 Rg6
28. Ne5 Rgf6 1/2-1/2

[Event "XIX. DBMM Schach"]
[Site "Billerbeck"]
[Date "2019.09.06"]
[Round "3.1"]
[White "Boerger, Andreas"]
[Black "Schulz, Michael"]
[Result "1/2-1/2"]
[WhiteElo "1768"]
[BlackElo "2213"]
[Annotator "br"]
[PlyCount "36"]
[EventDate "2019.09.??"]
[EventType "team-swiss"]
[EventRounds "7"]
[EventCountry "GER"]
[SourceTitle "XIX. DBMM 2019"]
[Source "FV Schach e.V."]
[SourceDate "2019.09.09"]
[SourceVersion "4"]
[SourceVersionDate "2019.10.16"]
[SourceQuality "1"]
[WhiteTeam "Westf. Provinzial-Versicherung Muenster"]
[BlackTeam "SV Osram Berlin"]
[WhiteTeamCountry "GER"]
[BlackTeamCountry "GER"]

1. c4 e5 2. e4 Nc6 3. Nc3 Nf6 4. d3 Bb4 5. Nf3 d6 6. a3 Bxc3+ 7. bxc3 O-O 8. g3
h6 9. Bg2 Be6 10. O-O Qd7 11. Ne1 Bh3 12. f4 Bxg2 13. Kxg2 exf4 14. Bxf4 Qe7
15. Qd2 Ne5 16. Nc2 Ng6 17. Nd4 Nxf4+ 18. Rxf4 Kh7 1/2-1/2

[Event "XIX. DBMM Schach"]
[Site "Billerbeck"]
[Date "2019.09.06"]
[Round "3.2"]
[White "Rath, Alina"]
[Black "Gerighausen, Karl Heinz"]
[Result "1-0"]
[WhiteElo "2099"]
[BlackElo "1830"]
[Annotator "br"]
[PlyCount "88"]
[EventDate "2019.09.??"]
[EventType "team-swiss"]
[EventRounds "7"]
[EventCountry "GER"]
[SourceTitle "XIX. DBMM 2019"]
[Source "FV Schach e.V."]
[SourceDate "2019.09.09"]
[SourceVersion "4"]
[SourceVersionDate "2019.10.16"]
[SourceQuality "1"]
[WhiteTeam "SV Osram Berlin"]
[BlackTeam "Westf. Provinzial-Versicherung Muenster"]
[WhiteTeamCountry "GER"]
[BlackTeamCountry "GER"]

1. c4 c5 2. Nc3 g6 3. g3 Bg7 4. Bg2 Nc6 5. e4 d6 6. Nge2 e5 7. O-O Nge7 8. d3
O-O 9. Rb1 Rb8 10. a3 a5 11. Bd2 Be6 12. h3 Qd7 13. Kh2 Nd4 14. Nd5 Bxd5 15.
cxd5 Nxe2 16. Qxe2 a4 17. b4 axb3 18. Rxb3 b5 19. Rfb1 Rb7 20. Be1 Rfb8 21. Qb2
g5 22. f3 Ng6 23. Bf1 h5 24. Qc1 f6 25. Be2 h4 26. gxh4 Nxh4 27. Bxh4 gxh4 28.
Qe1 Bh6 29. Qxh4 Bf4+ 30. Kh1 Qh7 31. Rg1+ Bg5 32. Qg4 Rg7 33. d4 exd4 34. Rxb5
Rxb5 35. Bxb5 Kh8 36. a4 Qg8 37. Qf5 Qf7 38. f4 Bh4 39. Rxg7 Qxg7 40. Qh5+ Qh7
41. Qxh7+ Kxh7 42. a5 c4 43. Bxc4 d3 44. Bxd3 Bf2 1-0

[Event "XIX. DBMM Schach"]
[Site "Billerbeck"]
[Date "2019.09.06"]
[Round "3.3"]
[White "Kuestermann, Dieter"]
[Black "Gebert Vangeel, Ralf"]
[Result "0-1"]
[WhiteElo "1810"]
[BlackElo "1975"]
[Annotator "br"]
[PlyCount "68"]
[EventDate "2019.09.??"]
[EventType "team-swiss"]
[EventRounds "7"]
[EventCountry "GER"]
[SourceTitle "XIX. DBMM 2019"]
[Source "FV Schach e.V."]
[SourceDate "2019.09.09"]
[SourceVersion "4"]
[SourceVersionDate "2019.10.16"]
[SourceQuality "1"]
[WhiteTeam "Westf. Provinzial-Versicherung Muenster"]
[BlackTeam "SV Osram Berlin"]
[WhiteTeamCountry "GER"]
[BlackTeamCountry "GER"]

1. e4 e5 2. Nf3 Nc6 3. d4 exd4 4. Nxd4 Nf6 5. Nxc6 bxc6 6. e5 Qe7 7. Qe2 Nd5 8.
c4 Nb6 9. Nc3 g6 10. f4 Bg7 11. Be3 O-O 12. c5 Nd5 13. Nxd5 cxd5 14. Qf3 Rb8
15. Rb1 Bb7 16. Bd4 d6 17. cxd6 cxd6 18. Qg3 dxe5 19. fxe5 Rbc8 20. Be2 Qb4+
21. Bc3 Qe4 22. Rd1 Rfe8 23. Qf3 Bxe5 24. O-O Rc7 25. Bb5 Qxf3 26. Rxf3 Re6 27.
Ba5 Rc5 28. a4 Rc2 29. b4 d4 30. Rf2 Bxh2+ 31. Kxh2 Rxf2 32. Rxd4 Rxg2+ 33. Kh3
Re3+ 34. Kh4 g5+ 0-1

[Event "XIX. DBMM Schach"]
[Site "Billerbeck"]
[Date "2019.09.06"]
[Round "3.4"]
[White "Mayer, Herbert"]
[Black "Peters, Tobias_x2"]
[Result "1-0"]
[WhiteElo "1800"]
[BlackElo "1690"]
[Annotator "hm"]
[PlyCount "97"]
[EventDate "2019.09.??"]
[EventType "team-swiss"]
[EventRounds "7"]
[EventCountry "GER"]
[SourceTitle "XIX. DBMM 2019"]
[Source "FV Schach e.V."]
[SourceDate "2019.09.09"]
[SourceVersion "4"]
[SourceVersionDate "2019.10.16"]
[SourceQuality "1"]
[WhiteTeam "SV Osram Berlin"]
[BlackTeam "Westf. Provinzial-Versicherung Muenster"]
[WhiteTeamCountry "GER"]
[BlackTeamCountry "GER"]

1. f4 e5 2. fxe5 d6 3. exd6 Bxd6 4. Nf3 g5 5. g3 g4 6. Nh4 Ne7 7. d4 Ng6 8.
Nxg6 hxg6 9. Qd3 Nc6 10. c3 Qe7 11. Bg2 Bd7 12. Bf4 O-O-O 13. Bxd6 Qxd6 14. Nd2
f5 15. O-O-O Rh7 16. Nc4 Qf6 17. Rdf1 Re8 18. h4 gxh3 19. Rxh3 Rhe7 20. Bf3 f4
21. g4 Qg5 22. Rg1 Na5 23. Ne5 Rxe5 24. dxe5 Qxe5 25. Qd4 Qe6 26. b3 Nc6 27.
Bxc6 Bxc6 28. Rh8 Qxe2 29. Rxe8+ Bxe8 30. Rd1 b6 31. Qxf4 Qxa2 32. Qe4 Qa1+ 33.
Kd2 Qb2+ 34. Qc2 Qa3 35. Rf1 Bc6 36. Rf4 Qd6+ 37. Rd4 Qg3 38. Qxg6 Qf2+ 39. Kc1
Qe1+ 40. Kb2 Qe2+ 41. Qc2 Qf1 42. Qd2 Bf3 43. Qf4 Qe2+ 44. Rd2 Qf1 45. g5 Qh3
46. Rh2 Qf1 47. g6 Qd1 48. g7 Bd5 49. c4 1-0

[Event "XIX. DBMM Schach"]
[Site "Billerbeck"]
[Date "2019.09.06"]
[Round "3.1"]
[White "Scheffner, Axel"]
[Black "Blum, Norbert"]
[Result "1-0"]
[WhiteElo "2249"]
[BlackElo "1965"]
[Annotator "br"]
[PlyCount "101"]
[EventDate "2019.09.??"]
[EventType "team-swiss"]
[EventRounds "7"]
[EventCountry "GER"]
[SourceTitle "XIX. DBMM 2019"]
[Source "FV Schach e.V."]
[SourceDate "2019.09.09"]
[SourceVersion "4"]
[SourceVersionDate "2019.10.16"]
[SourceQuality "1"]
[WhiteTeam "Vodafone Duesseldorf"]
[BlackTeam "Sparkassen-Vers. Stuttgart"]
[WhiteTeamCountry "GER"]
[BlackTeamCountry "GER"]

1. d4 Nf6 2. c4 g6 3. Nc3 d5 4. cxd5 Nxd5 5. e4 Nxc3 6. bxc3 Bg7 7. Be3 c5 8.
Qd2 Qa5 9. Rc1 cxd4 10. cxd4 Qxd2+ 11. Bxd2 Nc6 12. d5 Nd4 13. Nf3 O-O 14. Bb4
f5 15. Nxd4 Bxd4 16. Bxe7 Rf7 17. d6 Be6 18. exf5 Rxf5 19. Rc2 Bf6 20. Bxf6
Rxf6 21. Bb5 a6 22. Be2 Bf5 23. Rc7 Rxd6 24. O-O Rd7 25. Rfc1 Rxc7 26. Rxc7 Rc8
27. Rxc8+ Bxc8 28. f4 Kf7 29. Kf2 Be6 30. a3 Ke7 31. Ke3 Kd6 32. Kd4 a5 33. h3
Bd7 34. g4 b5 35. Bd3 Bc6 36. g5 Bg2 37. h4 Bc6 38. f5 Be8 39. f6 b4 40. axb4
axb4 41. Bc4 Ba4 42. Bg8 b3 43. Kc3 b2 44. Kxb2 Be8 45. Kc3 Ke5 46. f7 Bxf7 47.
Bxf7 Kf5 48. Kd4 Kg4 49. Ke5 Kxh4 50. Kf6 Kh3 51. Be8 1-0

[Event "XIX. DBMM Schach"]
[Site "Billerbeck"]
[Date "2019.09.06"]
[Round "3.2"]
[White "Marten, Gero"]
[Black "Limbourg, Marina"]
[Result "1/2-1/2"]
[WhiteElo "2008"]
[BlackElo "2030"]
[Annotator "br"]
[PlyCount "45"]
[EventDate "2019.09.??"]
[EventType "team-swiss"]
[EventRounds "7"]
[EventCountry "GER"]
[SourceTitle "XIX. DBMM 2019"]
[Source "FV Schach e.V."]
[SourceDate "2019.09.09"]
[SourceVersion "4"]
[SourceVersionDate "2019.10.16"]
[SourceQuality "1"]
[WhiteTeam "Sparkassen-Vers. Stuttgart"]
[BlackTeam "Vodafone Duesseldorf"]
[WhiteTeamCountry "GER"]
[BlackTeamCountry "GER"]

1. e4 c5 2. Be2 Nc6 3. f4 d6 4. Nf3 Nf6 5. d3 e6 6. O-O Be7 7. c3 O-O 8. Kh1 b5
9. Be3 Rb8 10. a3 a5 11. Nbd2 b4 12. axb4 axb4 13. Nc4 Ng4 14. Bg1 d5 15. exd5
exd5 16. Nce5 Ngxe5 17. fxe5 Qc7 18. d4 Be6 19. Bf2 bxc3 20. bxc3 c4 21. Bh4
Bxh4 22. Nxh4 Rb3 23. Qc1 1/2-1/2

[Event "XIX. DBMM Schach"]
[Site "Billerbeck"]
[Date "2019.09.06"]
[Round "3.3"]
[White "Hirschberg, Markus"]
[Black "Lau, Peter"]
[Result "1/2-1/2"]
[WhiteElo "1837"]
[BlackElo "1701"]
[Annotator "br"]
[PlyCount "71"]
[EventDate "2019.09.??"]
[EventType "team-swiss"]
[EventRounds "7"]
[EventCountry "GER"]
[SourceTitle "XIX. DBMM 2019"]
[Source "FV Schach e.V."]
[SourceDate "2019.09.09"]
[SourceVersion "4"]
[SourceVersionDate "2019.10.16"]
[SourceQuality "1"]
[WhiteTeam "Vodafone Duesseldorf"]
[BlackTeam "Sparkassen-Vers. Stuttgart"]
[WhiteTeamCountry "GER"]
[BlackTeamCountry "GER"]

1. e4 e6 2. d4 d5 3. Nc3 dxe4 4. Nxe4 Nd7 5. Bd3 Ngf6 6. Nxf6+ Nxf6 7. Bg5 Be7
8. Nf3 h6 9. Bh4 O-O 10. Qe2 Nd5 11. Bxe7 Qxe7 12. Qe4 Nf6 13. Qe5 Qd6 14. O-O
Qxe5 15. Nxe5 Nd7 16. Rae1 Nxe5 17. Rxe5 b6 18. Be4 Rb8 19. Re1 f6 20. Rh5 Bd7
21. Bd3 Be8 22. Rh3 Bf7 23. Bc4 Rbd8 24. Rd3 Rd6 25. Bb3 Rfd8 26. Red1 Bg6 27.
R3d2 c5 28. c3 Bf7 29. f3 cxd4 30. cxd4 e5 31. Bxf7+ Kxf7 32. d5 Rc8 33. Kf2
Rc5 34. Ke3 f5 35. g3 Kf6 36. b3 1/2-1/2

[Event "XIX. DBMM Schach"]
[Site "Billerbeck"]
[Date "2019.09.06"]
[Round "3.4"]
[White "Wirth, Volker"]
[Black "Hauck, Michael"]
[Result "0-1"]
[WhiteElo "1759"]
[BlackElo "1723"]
[Annotator "br"]
[PlyCount "88"]
[EventDate "2019.09.??"]
[EventType "team-swiss"]
[EventRounds "7"]
[EventCountry "GER"]
[SourceTitle "XIX. DBMM 2019"]
[Source "FV Schach e.V."]
[SourceDate "2019.09.09"]
[SourceVersion "4"]
[SourceVersionDate "2019.10.16"]
[SourceQuality "1"]
[WhiteTeam "Sparkassen-Vers. Stuttgart"]
[BlackTeam "Vodafone Duesseldorf"]
[WhiteTeamCountry "GER"]
[BlackTeamCountry "GER"]

1. d4 Nf6 2. c4 e6 3. Nc3 Bb4 4. Bd2 O-O 5. Nf3 Re8 6. e3 b6 7. Bd3 Bb7 8. a3
Bf8 9. e4 d6 10. O-O Nbd7 11. Re1 c5 12. e5 cxd4 13. exf6 dxc3 14. fxg7 Bxg7
15. Bxc3 e5 16. Nd2 Nc5 17. Bc2 Qh4 18. Re3 h6 19. Rg3 Ne6 20. Nf3 Qe7 21. Qd3
e4 22. Qe3 f5 23. Bxg7 Nxg7 24. Nd2 Qf6 25. Qc3 Re5 26. Qd4 Kf7 27. Rd1 Nh5 28.
Rc3 Nf4 29. Re3 Rd8 30. b4 d5 31. Nf1 Ne6 32. Qb2 d4 33. Rh3 Nf4 34. Rg3 Ne2+
35. Kh1 Nxg3+ 36. hxg3 f4 37. c5 Rh5+ 38. Kg1 e3 39. fxe3 fxe3 40. Bb3+ Bd5 41.
Bxd5+ Rdxd5 42. Qc2 bxc5 43. bxc5 Rxc5 44. Qe4 Qf2# 0-1